Skandar a duchovní válka /

Závěr napínavé fantasy série. Krvelační jednorožci, záludné postavy i přátelé na život a na smrt.

Uloženo v:
Série:Jednorožci, část 5
Kroniky chaosu, část 5
Hlavní autor: Steadman, A. F., 1992- (Autor)
Další autoři: Orlando, Daniela, 1977- (Autor)
Médium: Kniha
Jazyk:Czech
Vydáno: Brno : Host, 2026
Vydání:První vydání
Témata:
Celkem bylo vypůjčeno:0x
Příbuzné jednotky:Z cyklu:: Jednorožci
Z cyklu:: Kroniky chaosu
Tagy:
Žádné tagy
LEADER 02584nam a2200493 i 4500
001 106222
003 CZ PrNK
005 20260428160543.0
007 ta
008 260420s2026 xr c 000 f cze
015 |a cnb003752017 
020 |a 9788027529896  |q (vázáno) 
040 |a ABG001  |b cze  |e rda 
041 1 |a cze  |h eng 
072 7 |a 821.111-3  |x Anglická próza, anglicky psaná  |2 Konspekt  |9 25 
072 7 |a 821-93  |x Literatura pro děti a mládež (beletrie)  |2 Konspekt  |9 26 
080 |a 821.111-31  |2 MRF 
080 |a 821-93  |2 MRF 
080 |a (0:82-312.9)  |2 MRF 
100 1 |a Steadman, A. F.,  |d 1992-  |7 xx0272449  |4 aut  |9 113211 
240 1 0 |a Skandar and the spirit war.  |l Česky 
245 1 0 |a Skandar a duchovní válka /  |c A.F. Steadmanová ; přeložila Daniela Orlando 
250 |a První vydání 
264 1 |a Brno :  |b Host,  |c 2026 
300 |a 409 stran ;  |c 22 cm 
336 |a text  |b txt  |2 rdacontent 
337 |a bez média  |b n  |2 rdamedia 
338 |a svazek  |b nc  |2 rdacarrier 
500 |a Přeloženo z angličtiny 
520 2 |a Závěr napínavé fantasy série. Krvelační jednorožci, záludné postavy i přátelé na život a na smrt.  |b Epický závěr veleúspěšné série je konečně tady! Ostrov je ve válce. Během závodu o Pohár chaosu bylo vyzrazeno tajemství, které od základu změnilo vše. Skandar se stal psancem a je na útěku. Ostrované nevědí, komu mají věřit. Jedna ze Skandarových nejbližších kamarádek teď bojuje na straně nepřítele a Skandar musí uzavírat nová spojenectví včetně nejistého příměří s Kennou. br br Pokud Skandar a jeho přátelé chtějí Rexe porazit, musejí se vrátit k počátkům ostrova a ovládnout veškerou moc živelní magie. Dokáže se Skandar stát vůdcem, jímž potřebuje být, aby zachránil pevninu i srdce samotného ostrova? Nakladatelská anotace. 
655 7 |a anglické romány  |7 fd131814  |2 czenas  |9 53421 
655 7 |a fantasy romány  |7 fd184199  |2 czenas  |9 54250 
655 7 |a publikace pro děti  |7 fd133156  |2 czenas  |9 23 
655 9 |a English fiction  |2 eczenas 
655 9 |a fantasy novels  |2 eczenas 
655 9 |a children's literature  |2 eczenas 
700 1 |a Orlando, Daniela,  |d 1977-  |7 xx0075254  |4 trl  |9 111955 
710 2 |a Host (vydavatelství)  |7 ko2003163544  |4 pbl  |9 117148 
787 0 8 |i Z cyklu:  |t Jednorožci  |g 5 
787 0 8 |i Z cyklu:  |t Kroniky chaosu  |g 5 
910 |a UOG502 
942 |2 ddc  |c KN 
999 |d 106222 
993 |0 0  |1 421180106948  |2 ddc  |4 0  |6 M_II  |7 0  |9 99565  |b 0  |c 106948  |d 2026-04-28  |e 0  |f M  |g M/II  |h 499.00  |i Koupě  |l M  |r 2026-04-30  |t 8  |w 2026-04-28  |y KN  |z BELET  |n